| 000 | 00579nam a2200193Ia 4500 | ||
|---|---|---|---|
| 003 | IN-BaIIA | ||
| 008 | 211028s9999 xx 000 0 eng d | ||
| 020 | _a978-0-465-00936-7 | ||
| 040 | _cIIA Library | ||
| 080 |
_a523.4-126 _bBOS |
||
| 100 |
_aBoss, Alan _933278 |
||
| 245 | 4 |
_aThe crowded Universes: the search for living planets _cAlan Boss |
|
| 260 |
_aNew York _bBasic Books _c2009 |
||
| 300 | _aix, 227p. | ||
| 650 |
_aExobiology _920584 |
||
| 650 |
_aExtrasolar planet _933279 |
||
| 650 |
_aPlanets _9971 |
||
| 942 | _cBK | ||
| 999 |
_c17596 _d17596 |
||